Ismo Entender a Arquitetura (Record no. 2357)

MARC details
000 -Etiqueta do registo
Campo de controlo de comprimento fixo 00327 a2200145 4500
020 ## - ISBN (NÚMERO DE LIVRO PADRÃO INTERNACIONAL)
ISBN 972-8819-72-2
040 ## - Fonte de Catalogação
Agência de catalogação Biblioteca de Posgraduação- Universidade Lusíada de Angola
082 ## - DEWEY DECIMAL CLASSIFICATION NUMBER
Número de classificação 72
Classificador- CDU 72
100 ## - Nome Pessoal
9 (RLIN) 1185
Autor MELVIN,Jeremy
245 ## - Declaração de Título
Título Ismo Entender a Arquitetura
260 ## - Publicação e Destribuíção
Local de edição/distribuição Singapura,
Editor/distribuidor lisma
Data de edição/distribuição 2005.
300 ## - Descrição Física
Nº Pág. 159p
650 ## - MATERIA
MATERIA Arquitetura
942 ## - - Elementos de entrada adicionados (koha)
Tipo de documento Livros

No items available.